000 00526nmm a2200169Ia 4500
008 251105s9999||||xx |||||||||||||||||und||
020 _a9788476588284
041 _aspa
100 _aMachado Pais, José
245 0 _aChollos, chapuzas, changas. Jóvenes, trabajo precario y futuro
264 _a[Madrid, España] :
_bAnthropos,
_c2007
300 _a207 páginas
490 _aLibros de la Revista Anthropos
650 _aEconomics and Business
856 _uhttps://public.digitaliapublishing.com/a/15603
942 _cCF
999 _c85165
_d85165